000 00635nam a2200241Ia 4500
001 48049
005 20240114003853.0
007 ta
008 090508s g b000 u Eng u
040 _aCotton College,Assam
041 _aEng
082 _a910.33
_bNe 31 Ec
100 _aNegi, B. S. .
245 0 _aEconomic & Commercial Geography Of India /
_cB. S. Negi.
_hTextual Documents
250 _a1st ed. /
260 _aMeerut :
_bKeder Nath ,
_cNd.
300 _a632p. ;
_c24 cm..
653 _aT/G-Geography
653 _aGeography-Economic
942 _2ddc
_cBK
999 _c48014
_d48014